000 00508nam a2200169 i 4500
001 34121
003 ES-MaACL
005 20230906154859.0
007 t|
008 030204s1968 sp ||||1| spa d
100 1 _aBoerwinkel, F.
_929756
245 1 0 _aHacia una nueva mentalidad
_b: la aceptación de un mundo pluralista /
_cF. Boerwinkel ; [tradujo Diorki].
260 _aSalamanca :
_bSígueme,
_c1968.
300 _a134 p. ;
_c19 cm.
710 2 _aDiorki.
_93392
852 _aES-MaACL
_jC-51046
_bR.68465
999 _c34121
_d34121